01386nam a22003857a 4500001001000000003000900010005001700019007000300036008003400039040005400073041001000127072002400137090001900161100002200180110009900202245012400301260003800425300001000463500006900473650001400542650002200556650002400578650002400602650002300626650002800649650002500677650002500702650002800727650001700755650001600772909003600788942000700824999001700831952015200848BR0503533BR-BrBNA20230928101951.0ta230509b bl.||||| |||| 00| 0 por d aBR-BrBNAbporcBiblioteca Nacional de Agricultura a(Por) aK10; F60; P35b3240  3240 BR05035331 aMello, S.L. de M.1 aCentro de Energia Nuclear na Agricultura, Piracicaba, SP (Brasil)0Tese (Doutor em Ciências)1 aDinâmica de raízes finas e aporte de carbono no solo sob povoamentos de Eucalyptus grandis no Estado de São Paulo3 aPiracicaba, SP (Brasil): c2004.  a84 p. a25 illus.; 9 tables; Summaries (Eng, Por); Bibliography p. 72-84 aEUCALIPTO aSISTEMA RADICULAR aCOMPOSTO DE CARBONO aCOMPOSTO ORGÂNICO aMORFOLOGIA VEGETAL aRELAÇÃO SOLO-PLANTA aBIOQUÍMICA DO SOLO aNUTRIÇÃO VEGETAL aANÁLISE ESTATÍSTICA aDENDROMETRIA aSÃO PAULO a202309bLuciac55dLucia Elande cBK c68466d68466 002AGRIS40708AGROBASEa41918b41918l0o 3240 BR0503533p3240 BR0503533r2023-09-25t01yBK10d2023-09-25ePortaria Interministerial nº 164/94